000 01523cab a2200217 4500
001 ABS68248
008 040920n2004 000 0 eng u
035 _a(Sirsi) u127458
245 _aBritain's biggest house builders
260 _c2004
490 _aHouse Builder
_vSupplement September 2004, 1-32(14)
520 _aThe second annual edition of this supplement provides a comprehensive overview of house building activities. As well as a table of the top 25 house builders ranked by turnover and rated by six key measures, a list of their contact details and a profile of the house building industry's top 10 players, the supplement contains a range of articles. "Fortunes fluctuate" analyses the results of the "Housing market 04" report. "Innovate to accumulate" gives George Wimpey's boss, Peter Johnson's views on the important issues facing the industry. "Quicker to say no" reveals a growing tendency for local authorities to refuse planning applications in order to achieve speedy decision-making statistics. "See-through service" offers Miller Homes' Tim Hough's advocacy of better and more information from house builders to benefit both customers and the industry. "South bound" focuses on Country and Metropolitan's expansion plans for affordable housing in southern England.
590 _aABS
650 _aRANKINGS
650 _aPLANNING APPLICATIONS
650 _aCUSTOMER CARE
650 _aHOUSE BUILDING INDUSTRY
650 _aHOUSE BUILDERS
690 _aHOUSING-DEVELOPMENT
942 _n0
999 _c74537
_d74537